Sequential Monte Carlo Methods in Practice

Kaydedildi:
Detaylı Bibliyografya
Diğer Yazarlar: Doucet, Arnaud (Editör), De Freitas, Nando (Editör), Gordon, Neil (Editör)
Materyal Türü: Kitap
Dil:İngilizce
Baskı/Yayın Bilgisi: New York, USA: Springer, 2001
Seri Bilgileri:Statistics for Engineering and Information Science
Konular:
Etiketler: Etiketle
Etiket eklenmemiş, İlk siz ekleyin!

MARC

LEADER 00000nam a22000007a 4500
003 CL-VaPUC
005 20220412165043.0
008 220328b2001 ||||| |||| 00| 0 eng d
999 |c 435142  |d 435140 
020 |a 0-387-95146-6 
040 |c Pontificia Universidad Católica de Valparaíso 
082 7 |a 518.282 DOU 2001  |2 22 
100 1 |a Doucet, Arnaud  |e editor  |9 867733 
245 |a Sequential Monte Carlo Methods in Practice 
260 |a New York, USA:  |b Springer,  |c 2001 
300 |a 581 páginas; 
490 |a Statistics for Engineering and Information Science 
500 |a C.1 Donación Profesor Rodrigo Carvajal, profesor asociado. Memo 23-3-2022 
583 |c 20220328  |k Catalogador Asistente 
650 0 |a Método de Montecarlo  |9 408990 
700 |a De Freitas, Nando  |e editor  |9 867734 
700 |a Gordon, Neil  |e editor  |9 867735 
942 |2 ddc  |c BK 
952 |0 0  |1 0  |2 ddc  |4 0  |6 518_282000000000000_DOU_2001  |7 0  |8 A  |9 582161  |a BIBING  |b BIBING  |c GEN  |d 2022-03-28  |e Donación  |i 5650377  |l 1  |o 518.282 DOU 2001  |p 5650377  |r 2025-01-20  |s 2022-08-11  |t 1  |w 2022-03-28  |y BK  |k EIE